Trịnh Công Sơn ngôn ngữ và những ám ảnh nghệ thuật : Chuyên luận

Nghiên cứu về ca từ trong âm nhạc của Trịnh Công Sơn để hiểu về Trịnh Công Sơn và tác phẩm của ông. Trình bày những ám ảnh nghệ thuật của nhà phê bình Bùi Vĩnh Phúc về cuộc đời, về nghệ thuật và về Trịnh Công Sơn đồng thời cũng là...

Полное описание

Сохранить в:
Библиографические подробности
Главный автор: Bùi, Vĩnh Phúc
Формат:
Язык:Undetermined
Опубликовано: Thành phố Hồ Chí Minh Trẻ 2013
Предметы:
Метки: Добавить метку
Нет меток, Требуется 1-ая метка записи!
Thư viện lưu trữ: Trung tâm Học liệu Trường Đại học Cần Thơ
LEADER 01144nam a2200229Ia 4500
001 CTU_181207
008 210402s9999 xx 000 0 und d
020 |c 125000 
082 |a 780.92 
082 |b Ph506 
100 |a Bùi, Vĩnh Phúc 
245 0 |a Trịnh Công Sơn ngôn ngữ và những ám ảnh nghệ thuật : 
245 0 |b Chuyên luận 
245 0 |c Bùi Vĩnh Phúc 
260 |a Thành phố Hồ Chí Minh 
260 |b Trẻ 
260 |c 2013 
520 |a Nghiên cứu về ca từ trong âm nhạc của Trịnh Công Sơn để hiểu về Trịnh Công Sơn và tác phẩm của ông. Trình bày những ám ảnh nghệ thuật của nhà phê bình Bùi Vĩnh Phúc về cuộc đời, về nghệ thuật và về Trịnh Công Sơn đồng thời cũng là những ám ảnh chung của những người yêu mến âm nhạc Trịnh Công Sơn 
650 |a Musicians,Nhạc sĩ 
650 |x Biography,Tiểu sử 
904 |i Hải 
980 |a Trung tâm Học liệu Trường Đại học Cần Thơ